00384nam a2200145Ia 4500008004100000020001500041041001200056100001800068245007000086250000800156260003300164300000800197650001500205700001800220221030s9999 xx 000 0 und d a8126513062 aEnglish aE. J. Vaughan 0aFundamentals of Risk & Insurancecby E. J. Vaughan, T. M. Vaughan a9th bWilley Pub.aNew Delhic2014 a686 aManagement aT. M. Vaughan